Statistics for Simpsons Trivia - Season 3

Click here to take the quiz!

General Stats

  • This quiz has been taken 65 times
  • The average score is 13 of 24

Answer Stats

EpisodeQuestionAnswer% Correct
"Stark Raving Dad"Homer gets into trouble for wearing a what to work?Pink shirt
86%
"Flaming Moe's"What is the secret ingredient in a Flaming Moe/Homer?Cough syrup
81%
"Burns Verkaufen der Kraftwerk"Homer spends ten minutes daydreaming that he is frolicking through the land of what?Chocolate
70%
"Homer Defined"What process does Homer use to determine the button that prevents two nuclear meltdowns?Eeny, Meeny, Miney, Moe
70%
"Radio Bart"Groundskeeper Willie ensures that no one will ever fall down the well again by putting up a what?Sign
70%
"Treehouse of Horror II"What "very selfish" thing does Lisa use the monkey's paw to wish for?World peace
68%
"I Married Marge"Ten minutes after being born, what does Bart (intentionally?) light on fire?Homer's {tie}
65%
"Bart the Murderer"What is Bart the mafia bartender's signature drink?Manhattan
65%
"Bart's Friend Falls in Love"The opening scene, where Bart steals Homer's jar of pennies, parodies which film?Raiders of the Lost Ark
63%
"Colonel Homer"What is the name of the song Lurleen uses to try to lure Homer into sleeping with her?{Bunk} with Me Tonight
61%
"Black Widower"What 80's television show is a key element of Sideshow Bob's murder plot?MacGyver
60%
"Dog of Death"What condition does Santa's Little Helper have?Twisted {stomach}
58%
"Homer Alone"What is the name of the resort spa where Marge goes to unwind?Rancho Relaxo
56%
"Brother, Can You Spare Two Dimes?"What is Herb's genius invention?Baby translator
54%
"When Flanders Failed"What object does Homer use to semi-intentionally curse Flanders?Wishbone
51%
"Homer at the Bat"What is the name of Homer's bat?Wonder Bat
51%
"Bart the Lover"Bart sends Mrs. Krabappel a photo of which hockey hall of famer?Gordie Howe
49%
"Separate Vocations"The Career Aptitude Normalization Test (CANT) tells Bart his ideal career is what?Policeman
49%
"Lisa's Pony"Lisa is upset at Homer because he failed to get her a what?Saxophone reed
46%
"The Otto Show"Otto becomes enraged when Homer calls him a what?Sponge
39%
"Like Father, Like Clown"Krusty's father is finally persuaded by a quote from what famous Jewish entertainer?Sammy Davis Jr.
35%
"Mr. Lisa Goes to Washington"What is the title of Lisa's scathing essay about government corruption?{Cesspool} on the Potomac
30%
"Lisa the Greek"Lisa still loves Homer if which team wins the Super Bowl? (hint: this episode aired in January 1992)Washington Redskins
28%
"Saturdays of Thunder"What is the name of Martin's space shuttle-like soap box derby racer?Honor Roller
26%

Score Distribution

Percentile by Number Answered

Percent of People with Each Score

Your Score History

You have not taken this quiz